| 000 | 00625nam a22001577a 4500 | ||
|---|---|---|---|
| 005 | 20241015092832.0 | ||
| 008 | 241015b |||||||| |||| 00| 0 eng d | ||
| 100 |
_aCorveleyn, Helen. _eauthor. _962927 |
||
| 245 |
_aThe promise of pickles : _bhydroponics in the classroom / _cHelen Corveleyn, Louise Ammentorp, and Laura Howley. |
||
| 260 |
_aWashington; _bTaylor & Francis Group, _cNovember-December 2020. |
||
| 300 |
_aVolume 96, pages 14-21, _billustration. |
||
| 700 |
_aCorveleyn, Helen. _eauthor. _962926 |
||
| 700 |
_aAmmentorp, Louise. _eauthor. _962928 |
||
| 700 |
_aHowley, Laura. _eauthor. _962929 |
||
| 942 |
_2ddc _cPER |
||
| 999 |
_c22554 _d22554 |
||